000 00605nam a2200229 a 4500
001 BRCA_6361
005 20190320205426.0
008 230811s1935----nyu#######---#000-0#eng-#
041 _aeng
044 _anyu
050 4 _aML3800
_b.R3 M8
_c1935
100 1 _aRedfield, John
_915939
245 1 0 _aMusic
_ba science and an art
_cJohn Redfield.
260 _aNueva York
_bTudor
_c1935
300 _a307 p.
_c22 cm.
500 _aIncluye índice alfabético
500 _aK157
650 1 4 _aMúsica
_xAcústca y física
_915940
650 1 4 _aMúsica
_xFilosofía
_915941
902 _aGFM
942 _2lcc
_cB
999 _c6047
_d6047